Alicia Keys songs : Sudden death - Statistics

General Stats
  • This quiz has been taken 68 times
  • The average score is 8 of 15
Answers on the Grid
Answers color-coded by a green-red scale on the quiz's grid according to % correct below.
If I Told You That
Piano & I
No One
Emotion
Underdog
A Woman Worth
No More Drama
Ordinary People
Dance With My Father
If I Ain't Got You
The Game Of Love
How Come You Don't Call Me
Empire State Of Mind
Jane Doe
Independant Women
Send It On
Fallin'
Take Me with U
He Wasn't Man Enough
Un-thinkable (I'm Ready)
Contusion
You Don't Know My Name
Work It Out
Girl On Fire
Brand New Me
Electric Lady
By Your Side
Try Sleeping with a Broken Heart
My Boo
Never Too Much
 
Answer Stats
Answer % Correct
If I Ain't Got You
83%
No One
81%
Empire State Of Mind
79%
Fallin'
79%
Girl On Fire
79%
My Boo
58%
Un-thinkable (I'm Ready)
55%
You Don't Know My Name
51%
Piano & I
49%
A Woman Worth
43%
Try Sleeping with a Broken Heart
38%
Underdog
34%
Brand New Me
28%
How Come You Don't Call Me
26%
Jane Doe
11%
No matching quizzes found
Score Distribution
Percent of People with Each Score
Percentile by Number Answered
Your Score History
You have not taken this quiz